000 00531nam a2200181Ia 4500
999 _c36597
_d36597
003 OSt
005 20200214145119.0
008 190216s9999||||xx |||||||||||||| ||und||
040 _coclc
082 _a297.64
_bPUL/S
100 _aPullankodu, Abdulkhader
_91994
245 0 _aSahaabimarude Charithram /
_cAbdulkhader Pullankodu
250 _a3rd ed.
260 _bAl-Huda Book Stall,
_c1999.
_aKozhikode:
300 _a464p
650 _aIslamic History
942 _cREF
_2ddc
_h297.64
_iPUL/S
_k297.64
_mPUL/S